Hosea, Amos, Micah : (Record no. 9142)

MARC details
000 -LEADER
fixed length control field 03432cam a22004214i 4500
001 - CONTROL NUMBER
control field 45052664
003 - CONTROL NUMBER IDENTIFIER
control field OCoLC
005 - DATE AND TIME OF LATEST TRANSACTION
control field 20241126110706.0
008 - FIXED-LENGTH DATA ELEMENTS--GENERAL INFORMATION
fixed length control field 000915s2001 miu b 001 0 eng
010 ## -
-- 00047717
020 ## - INTERNATIONAL STANDARD BOOK NUMBER
International Standard Book Number 0310206146
Qualifying information (alk. paper)
020 ## - INTERNATIONAL STANDARD BOOK NUMBER
International Standard Book Number 9780310206149
Qualifying information (alk. paper)
035 ## - SYSTEM CONTROL NUMBER
System control number tcgc281492
035 ## - SYSTEM CONTROL NUMBER
System control number (OCoLC)45052664
Canceled/invalid control number (OCoLC)796971918
040 ## - CATALOGING SOURCE
Original cataloging agency DLC
Language of cataloging eng
Description conventions rda
Transcribing agency DLC
Modifying agency BAKER
-- NLGGC
-- BTCTA
-- YDXCP
-- UBA
-- OCLCG
-- IG#
-- HNW
-- OCLCQ
-- OCLCA
-- OCLCF
-- PB4
-- OCLCQ
-- DML
-- MNLUT
042 ## -
-- pcc
050 00 -
-- BS1565.53
-- .S55 2001
082 00 - DEWEY DECIMAL CLASSIFICATION NUMBER
Classification number 220.77
-- 224.077
Edition information 21
Item number NIV
100 1# - MAIN ENTRY--PERSONAL NAME
Personal name Smith, Gary V.,
Dates associated with a name 1943-
Authority record control number or standard number http://id.loc.gov/authorities/names/n85302518
9 (RLIN) 783
245 10 - TITLE STATEMENT
Title Hosea, Amos, Micah :
Remainder of title the NIV application commentary from biblical text--to contemporary life /
Statement of responsibility, etc. Gary V. Smith.
264 #1 - PRODUCTION, PUBLICATION, DISTRIBUTION, MANUFACTURE, AND COPYRIGHT NOTICE
Place of production, publication, distribution, manufacture Grand Rapids, Mich. :
Name of producer, publisher, distributor, manufacturer Zondervan Pub. House,
Date of production, publication, distribution, manufacture, or copyright notice [2001]
264 #4 - PRODUCTION, PUBLICATION, DISTRIBUTION, MANUFACTURE, AND COPYRIGHT NOTICE
Date of production, publication, distribution, manufacture, or copyright notice ℗♭2001.
300 ## - PHYSICAL DESCRIPTION
Extent 596 pages ;
Dimensions 24 cm.
336 ## - CONTENT TYPE
Content type term text
Content type code txt
Source rdacontent
337 ## - MEDIA TYPE
Media type term unmediated
Media type code n
Source rdamedia
338 ## - CARRIER TYPE
Carrier type term volume
Carrier type code nc
Source rdacarrier
490 1# - SERIES STATEMENT
Series statement The NIV application commentary series.
504 ## - BIBLIOGRAPHY, ETC. NOTE
Bibliography, etc. note Includes bibliographical references and indexes.
505 0# - FORMATTED CONTENTS NOTE
Formatted contents note Series introduction -- General editor's preface -- Author's preface -- Abbreviations -- Introduction to Hosea -- Outline of Hosea -- Annotated bibliography on Hosea -- Text of and commentary on Hosea -- Introduction to Amos -- Outline of Amos -- Annotated bibliography on Amos -- Text of and commentary on Amos -- Introduction to Micah -- Outline of Micah -- Annotated bibliography on Micah -- Text of and commentary on Micah -- Scripture index -- Subject index.
520 ## - SUMMARY, ETC.
Summary, etc. Scratch beneath the surface of today's culture and you'll find we're not so different from ancient Israel. True, our sophistication, mobility, and technology eclipse anything the Israelites could have imagined. Our worship is far different, to say nothing of our language and customs. Yet if the prophets Hosea, Amos, and Micah were to visit us today, we might be shocked to see how little their messages would differ from the ones they delivered 2,800 years ago. For human hearts are still the same--and so is God. Injustice, oppression, and political corruption anger him as much as ever. Apostasy still grieves him. His judgment of sin remains as fierce as his love is strong. And the hope God extends to those who turn toward him is as brilliant now as at any time in history. Revealing the links between Israel eight centuries B.C. and our own times, Gary V. Smith shows how the prophetic writings of Hosea, Amos, and Micah speak to us today with relevance and conviction. --From publisher's description.
630 00 - SUBJECT ADDED ENTRY--UNIFORM TITLE
Uniform title Bible.
Name of part/section of a work Hosea
Authority record control number or standard number http://id.loc.gov/authorities/names/n79118914
Form subdivision Commentaries.
Authority record control number or standard number http://id.loc.gov/authorities/subjects/sh99001404
9 (RLIN) 15625
630 00 - SUBJECT ADDED ENTRY--UNIFORM TITLE
Uniform title Bible.
Name of part/section of a work Amos
Authority record control number or standard number http://id.loc.gov/authorities/names/n79082390
Form subdivision Commentaries.
Authority record control number or standard number http://id.loc.gov/authorities/subjects/sh99001404
9 (RLIN) 4653
630 00 - SUBJECT ADDED ENTRY--UNIFORM TITLE
Uniform title Bible.
Name of part/section of a work Micah
Authority record control number or standard number http://id.loc.gov/authorities/names/n80159022
Form subdivision Commentaries.
Authority record control number or standard number http://id.loc.gov/authorities/subjects/sh99001404
9 (RLIN) 15951
655 #7 - INDEX TERM--GENRE/FORM
Genre/form data or focus term Commentaries.
Source of term fast
Authority record control number or standard number http://id.worldcat.org/fast/1423723
9 (RLIN) 875
830 #0 -
-- NIV application commentary.
-- http://id.loc.gov/authorities/names/n94048887
-- 1769
856 4# - ELECTRONIC LOCATION AND ACCESS
Materials specified Cover image
Uniform Resource Identifier <a href="https://covers.openlibrary.org/b/id/169360-M.jpg">https://covers.openlibrary.org/b/id/169360-M.jpg</a>
942 ## - ADDED ENTRY ELEMENTS (KOHA)
Source of classification or shelving scheme Dewey Decimal Classification
Koha item type Reference Books
Holdings
Withdrawn status Lost status Source of classification or shelving scheme Damaged status Not for loan Home library Current Library Shelving location Date acquired Total checkouts Full call number Barcode Date last seen Copy number Price effective from Koha item type
    Dewey Decimal Classification     GRACE BIBLE COLLEGE GRACE BIBLE COLLEGE Commentary 2022-04-18   220.77 NIV 015545 2025-05-01 v.20 2022-04-18 Reference Books
© Grace Bible College Library 2025